[Event "9 Round Open"]
[Site "Enniscrone, Sligo, IE"]
[Date "2026.02.07"]
[Round "8"]
[White "Saine, Zachary"]
[Black "Krastev, Alexander"]
[Result "1/2-1/2"]
[Board "16"]
[WhiteFideId "2624346"]
[BlackFideId "12989983"]
[BlackTitle "IM"]
[WhiteElo "2149"]
[BlackElo "2433"]
[WhiteTeam "CAN"]
[BlackTeam "GER"]
[WhiteClock "0:18:09"]
[BlackClock "0:01:21"]
[Variant "Standard"]

1. e4 {[%clk 1:30:56]}  e6 {[%clk 1:30:25]} 2. d4 {[%clk 1:31:19]}  d5 {[%clk 1:30:50]} 3. Bd3 {[%clk 1:31:46]}  Nc6 {[%clk 1:24:02]} 4. exd5 {[%clk 1:26:58]}  exd5 {[%clk 1:24:13]} 5. c3 {[%clk 1:26:39]}  Bd6 {[%clk 1:24:39]} 6. Ne2 {[%clk 1:26:18]}  Qf6 {[%clk 1:18:34]} 7. Nd2 {[%clk 1:22:07]}  Nge7 {[%clk 1:17:06]} 8. O-O {[%clk 1:16:28]}  Bg4 {[%clk 1:08:14]} 9. Re1 {[%clk 1:05:44]}  O-O-O {[%clk 1:05:32]} 10. Nf1 {[%clk 1:04:45]}  g5 {[%clk 0:58:40]} 11. Ne3 {[%clk 0:58:09]}  Be6 {[%clk 0:52:02]} 12. Ng3 {[%clk 0:36:29]}  h5 {[%clk 0:50:16]} 13. Qf3 {[%clk 0:35:58]}  Bf4 {[%clk 0:24:14]} 14. Ne2 {[%clk 0:35:47]}  Ng6 {[%clk 0:23:23]} 15. Bxg6 {[%clk 0:34:22]}  fxg6 {[%clk 0:23:42]} 16. Nxf4 {[%clk 0:34:43]}  gxf4 {[%clk 0:23:02]} 17. Nf1 {[%clk 0:33:57]}  g5 {[%clk 0:21:04]} 18. h4 {[%clk 0:32:02]}  Bg4 {[%clk 0:06:51]} 19. hxg5 {[%clk 0:32:27]}  Bxf3 {[%clk 0:07:20]} 20. gxf6 {[%clk 0:32:48]}  Rdg8 {[%clk 0:07:47]} 21. g3 {[%clk 0:33:04]}  fxg3 {[%clk 0:08:07]} 22. fxg3 {[%clk 0:32:52]}  Rg6 {[%clk 0:07:29]} 23. f7 {[%clk 0:27:31]}  Be4 {[%clk 0:03:39]} 24. Bf4 {[%clk 0:25:03]}  Rf8 {[%clk 0:07:27]} 25. Nd2 {[%clk 0:21:02]}  Rxf7 {[%clk 0:07:55]} 26. Rf1 {[%clk 0:21:25]}  h4 {[%clk 0:03:07]} 27. Nxe4 {[%clk 0:21:05]}  dxe4 {[%clk 0:03:35]} 28. Rae1 {[%clk 0:20:18]}  hxg3 {[%clk 0:04:00]} 29. Kg2 {[%clk 0:18:13]}  Rh7 {[%clk 0:00:57]} 30. Rh1 {[%clk 0:18:02]}  Rxh1 {[%clk 0:01:22]} 31. Rxh1 {[%clk 0:18:29]}  Ne7 {[%clk 0:01:21]} 32. Rh5 {[%clk 0:18:09]} 1/2-1/2

[Event "9 Round Open"]
[Site "Enniscrone, Sligo, IE"]
[Date "2026.02.07"]
[Round "8"]
[White "Morriss, Pete"]
[Black "Mabhena, Vladimir"]
[Result "1-0"]
[Board "17"]
[WhiteFideId "2500230"]
[BlackFideId "2519143"]
[WhiteElo "1931"]
[BlackElo "1546"]
[WhiteTeam "IRL"]
[BlackTeam "IRL"]
[WhiteClock "0:14:46"]
[BlackClock "0:30:43"]
[Variant "Standard"]

1. Nf3 {[%clk 1:30:24]}  d5 {[%clk 1:30:37]} 2. g3 {[%clk 1:30:19]}  Nf6 {[%clk 1:30:41]} 3. Bg2 {[%clk 1:30:42]}  Nc6 {[%clk 1:30:40]} 4. O-O {[%clk 1:29:43]}  e5 {[%clk 1:30:13]} 5. d3 {[%clk 1:29:09]}  Bd6 {[%clk 1:28:39]} 6. c4 {[%clk 1:26:07]}  d4 {[%clk 1:25:44]} 7. a3 {[%clk 1:21:45]}  a5 {[%clk 1:25:13]} 8. b3 {[%clk 1:19:23]}  O-O {[%clk 1:25:14]} 9. Bb2 {[%clk 1:19:16]}  Bc5 {[%clk 1:23:28]} 10. Nbd2 {[%clk 1:16:45]}  Re8 {[%clk 1:20:10]} 11. Ng5 {[%clk 1:13:17]}  Bf5 {[%clk 1:15:48]} 12. Nge4 {[%clk 1:11:27]}  Nxe4 {[%clk 1:14:17]} 13. Nxe4 {[%clk 1:11:00]}  Bxe4 {[%clk 1:08:39]} 14. Bxe4 {[%clk 1:11:00]}  Qd7 {[%clk 1:07:05]} 15. Qd2 {[%clk 1:06:57]}  Rad8 {[%clk 1:04:59]} 16. h4 {[%clk 0:57:50]}  Qg4 {[%clk 0:56:44]} 17. Kh2 {[%clk 0:53:59]}  f5 {[%clk 0:51:28]} 18. Bd5+ {[%clk 0:50:37]}  Kh8 {[%clk 0:50:40]} 19. Bf7 {[%clk 0:48:54]}  g6 {[%clk 0:47:35]} 20. Bxe8 {[%clk 0:47:05]}  Rxe8 {[%clk 0:48:00]} 21. f3 {[%clk 0:39:28]}  Qh5 {[%clk 0:48:05]} 22. Rh1 {[%clk 0:33:49]}  e4 {[%clk 0:42:51]} 23. g4 {[%clk 0:19:19]}  Qxh4+ {[%clk 0:40:38]} 24. Kg2 {[%clk 0:19:03]}  Qf6 {[%clk 0:37:15]} 25. Qh6 {[%clk 0:16:12]}  exf3+ {[%clk 0:34:42]} 26. exf3 {[%clk 0:15:36]}  Re7 {[%clk 0:34:47]} 27. Rae1 {[%clk 0:14:43]}  Rf7 {[%clk 0:30:43]} 28. Re8+ {[%clk 0:14:46]} 1-0

[Event "9 Round Open"]
[Site "Enniscrone, Sligo, IE"]
[Date "2026.02.07"]
[Round "8"]
[White "Smith, Lynda"]
[Black "Konig, Jon"]
[Result "1-0"]
[Board "18"]
[WhiteFideId "1800191"]
[BlackFideId "343468780"]
[WhiteTitle "WCM"]
[WhiteElo "1822"]
[BlackElo "1661"]
[WhiteTeam "WLS"]
[BlackTeam "ENG"]
[WhiteClock "0:42:43"]
[BlackClock "0:51:00"]
[Variant "Standard"]

1. f4 {[%clk 1:30:54]}  d5 {[%clk 1:30:40]} 2. Nf3 {[%clk 1:31:07]}  Nf6 {[%clk 1:30:08]} 3. g3 {[%clk 1:31:21]}  Bf5 {[%clk 1:30:08]} 4. Bg2 {[%clk 1:31:29]}  c6 {[%clk 1:29:40]} 5. b3 {[%clk 1:31:02]}  Nbd7 {[%clk 1:28:51]} 6. Bb2 {[%clk 1:31:05]}  e6 {[%clk 1:28:55]} 7. e3 {[%clk 1:30:52]}  Bd6 {[%clk 1:29:01]} 8. Nc3 {[%clk 1:30:37]}  Qc7 {[%clk 1:28:48]} 9. a4 {[%clk 1:29:22]}  O-O-O {[%clk 1:26:35]} 10. d3 {[%clk 1:27:41]}  e5 {[%clk 1:23:39]} 11. Nh4 {[%clk 1:25:57]}  Bg4 {[%clk 1:21:34]} 12. Bf3 {[%clk 1:25:46]}  Bxf3 {[%clk 1:21:54]} 13. Qxf3 {[%clk 1:25:39]}  exf4 {[%clk 1:21:40]} 14. gxf4 {[%clk 1:25:35]}  Rhe8 {[%clk 1:19:08]} 15. O-O-O {[%clk 1:24:51]}  g6 {[%clk 1:18:16]} 16. Ne2 {[%clk 1:20:15]}  Re6 {[%clk 1:07:50]} 17. Kb1 {[%clk 1:18:14]}  Rde8 {[%clk 1:08:09]} 18. Ng2 {[%clk 1:18:00]}  h5 {[%clk 1:07:44]} 19. h3 {[%clk 1:16:38]}  Bc5 {[%clk 1:03:54]} 20. Nd4 {[%clk 1:14:05]}  R6e7 {[%clk 1:03:17]} 21. Rde1 {[%clk 1:13:16]}  Qb6 {[%clk 1:02:30]} 22. Ka2 {[%clk 1:07:51]}  Qa5 {[%clk 1:02:02]} 23. Qf2 {[%clk 1:01:17]}  Bb4 {[%clk 1:01:20]} 24. Rd1 {[%clk 0:58:14]}  Bc3 {[%clk 1:00:42]} 25. Bxc3 {[%clk 0:57:30]}  Qxc3 {[%clk 1:01:11]} 26. Qd2 {[%clk 0:57:26]}  Qc5 {[%clk 0:57:29]} 27. b4 {[%clk 0:56:17]}  Qd6 {[%clk 0:57:41]} 28. Rb1 {[%clk 0:54:52]}  Nf8 {[%clk 0:57:21]} 29. f5 {[%clk 0:50:08]}  g5 {[%clk 0:55:08]} 30. Qc3 {[%clk 0:47:11]}  Qe5 {[%clk 0:51:56]} 31. Qc5 {[%clk 0:45:52]}  Kb8 {[%clk 0:50:58]} 32. b5 {[%clk 0:44:25]}  N8d7 {[%clk 0:51:23]} 33. Nxc6+ {[%clk 0:43:25]}  bxc6 {[%clk 0:51:09]} 34. bxc6+ {[%clk 0:43:17]}  Ka8 {[%clk 0:51:00]} 35. cxd7 {[%clk 0:42:43]} 1-0

[Event "9 Round Open"]
[Site "Enniscrone, Sligo, IE"]
[Date "2026.02.07"]
[Round "8"]
[White "Kim, Jimin"]
[Black "Prado, Alexandra"]
[Result "1/2-1/2"]
[Board "19"]
[WhiteFideId "13224271"]
[BlackFideId "3301346"]
[BlackTitle "WCM"]
[WhiteElo "1776"]
[BlackElo "1924"]
[WhiteTeam "KOR"]
[BlackTeam "BOL"]
[WhiteClock "0:20:32"]
[BlackClock "0:25:20"]
[Variant "Standard"]

1. e4 {[%clk 1:30:18]}  c5 {[%clk 1:25:56]} 2. Nf3 {[%clk 1:30:42]}  g6 {[%clk 1:26:15]} 3. d4 {[%clk 1:31:07]}  cxd4 {[%clk 1:26:40]} 4. Nxd4 {[%clk 1:31:32]}  Bg7 {[%clk 1:26:55]} 5. Nc3 {[%clk 1:31:53]}  Nc6 {[%clk 1:26:43]} 6. Be3 {[%clk 1:32:10]}  Nf6 {[%clk 1:26:05]} 7. Bc4 {[%clk 1:32:14]}  O-O {[%clk 1:25:50]} 8. Bb3 {[%clk 1:32:29]}  d5 {[%clk 1:23:59]} 9. exd5 {[%clk 1:25:43]}  Na5 {[%clk 1:24:23]} 10. O-O {[%clk 1:11:42]}  Nxb3 {[%clk 1:23:40]} 11. axb3 {[%clk 1:11:40]}  Nxd5 {[%clk 1:19:48]} 12. Nxd5 {[%clk 1:04:02]}  Qxd5 {[%clk 1:19:30]} 13. Qf3 {[%clk 1:02:50]}  Qxf3 {[%clk 1:16:01]} 14. Nxf3 {[%clk 1:03:14]}  Bg4 {[%clk 0:56:00]} 15. Nd2 {[%clk 0:45:27]}  Bxb2 {[%clk 0:53:18]} 16. Rxa7 {[%clk 0:44:19]}  Rxa7 {[%clk 0:52:27]} 17. Bxa7 {[%clk 0:44:35]}  Bf5 {[%clk 0:41:18]} 18. Nc4 {[%clk 0:43:52]}  Bc3 {[%clk 0:41:17]} 19. Ne3 {[%clk 0:43:07]}  Be4 {[%clk 0:41:00]} 20. Bc5 {[%clk 0:41:32]}  Re8 {[%clk 0:36:41]} 21. f3 {[%clk 0:35:22]}  Bc6 {[%clk 0:36:26]} 22. Rd1 {[%clk 0:34:29]}  Bg7 {[%clk 0:31:05]} 23. Nd5 {[%clk 0:30:43]}  Bf8 {[%clk 0:25:17]} 24. Nb4 {[%clk 0:29:24]}  Rc8 {[%clk 0:25:20]} 25. Nxc6 {[%clk 0:20:32]} 1/2-1/2

[Event "9 Round Open"]
[Site "Enniscrone, Sligo, IE"]
[Date "2026.02.08"]
[Round "9"]
[White "Blohberger, Felix"]
[Black "Willems, Niels"]
[Result "1-0"]
[Board "1"]
[WhiteFideId "1632051"]
[BlackFideId "20695586"]
[WhiteTitle "GM"]
[BlackTitle "FM"]
[WhiteElo "2543"]
[BlackElo "2390"]
[WhiteTeam "AUT"]
[BlackTeam "FRA"]
[WhiteClock "0:23:20"]
[BlackClock "0:22:09"]
[Variant "Standard"]

1. Nf3 {[%clk 1:30:49]}  Nf6 {[%clk 1:30:54]} 2. c4 {[%clk 1:31:09]}  c5 {[%clk 1:31:15]} 3. b3 {[%clk 1:31:32]}  Nc6 {[%clk 1:31:06]} 4. Bb2 {[%clk 1:31:56]}  d5 {[%clk 1:30:33]} 5. cxd5 {[%clk 1:32:15]}  Nxd5 {[%clk 1:30:56]} 6. Nc3 {[%clk 1:32:25]}  e5 {[%clk 1:28:50]} 7. e3 {[%clk 1:32:43]}  Nxc3 {[%clk 1:25:48]} 8. dxc3 {[%clk 1:33:07]}  Bd6 {[%clk 1:16:47]} 9. e4 {[%clk 1:30:02]}  Be6 {[%clk 1:15:59]} 10. Nd2 {[%clk 1:23:48]}  Be7 {[%clk 1:14:24]} 11. Bc4 {[%clk 1:21:47]}  Bg5 {[%clk 1:13:03]} 12. Bxe6 {[%clk 1:18:28]}  Qxd2+ {[%clk 1:12:30]} 13. Qxd2 {[%clk 1:18:51]}  Bxd2+ {[%clk 1:12:57]} 14. Kxd2 {[%clk 1:19:15]}  fxe6 {[%clk 1:13:24]} 15. Ke2 {[%clk 1:15:38]}  Ke7 {[%clk 1:08:28]} 16. Bc1 {[%clk 1:15:09]}  h6 {[%clk 1:06:05]} 17. Be3 {[%clk 1:14:48]}  b6 {[%clk 1:06:28]} 18. h4 {[%clk 1:14:44]}  Rad8 {[%clk 0:50:34]} 19. h5 {[%clk 1:13:54]}  Rd7 {[%clk 0:50:31]} 20. g4 {[%clk 1:09:28]}  Nd8 {[%clk 0:43:09]} 21. g5 {[%clk 1:07:03]}  hxg5 {[%clk 0:37:27]} 22. Bxg5+ {[%clk 1:07:14]}  Ke8 {[%clk 0:37:49]} 23. Rag1 {[%clk 1:04:29]}  Nf7 {[%clk 0:38:05]} 24. Bd2 {[%clk 0:58:15]}  Rh7 {[%clk 0:38:08]} 25. f3 {[%clk 0:52:25]}  Rd6 {[%clk 0:36:59]} 26. Be3 {[%clk 0:50:33]}  Nd8 {[%clk 0:34:17]} 27. Rg5 {[%clk 0:46:11]}  Nf7 {[%clk 0:34:28]} 28. Rg6 {[%clk 0:45:30]}  Nh8 {[%clk 0:34:12]} 29. Rg4 {[%clk 0:43:41]}  Nf7 {[%clk 0:34:27]} 30. a4 {[%clk 0:40:24]}  Nd8 {[%clk 0:31:30]} 31. Rg5 {[%clk 0:37:37]}  Nc6 {[%clk 0:30:59]} 32. Bg1 {[%clk 0:33:40]}  Na5 {[%clk 0:25:33]} 33. Bh2 {[%clk 0:32:56]}  Nxb3 {[%clk 0:25:26]} 34. Bxe5 {[%clk 0:33:12]}  Rd2+ {[%clk 0:23:40]} 35. Ke3 {[%clk 0:33:33]}  Rd7 {[%clk 0:23:37]} 36. Rg6 {[%clk 0:32:23]}  Kf7 {[%clk 0:23:51]} 37. Rhg1 {[%clk 0:32:08]}  Kf8 {[%clk 0:24:08]} 38. R1g5 {[%clk 0:28:47]}  Na5 {[%clk 0:23:18]} 39. Rxe6 {[%clk 0:27:17]}  Nc4+ {[%clk 0:23:38]} 40. Kf4 {[%clk 0:27:10]}  Kf7 {[%clk 0:23:44]} 41. Reg6 {[%clk 0:26:49]}  Nxe5 {[%clk 0:23:49]} 42. Rf5+ {[%clk 0:24:13]}  Ke8 {[%clk 0:22:00]} 43. Rxe5+ {[%clk 0:24:27]}  Kd8 {[%clk 0:22:09]} 44. c4 {[%clk 0:23:20]} 1-0

[Event "9 Round Open"]
[Site "Enniscrone, Sligo, IE"]
[Date "2026.02.08"]
[Round "9"]
[White "Woods, Yannick"]
[Black "Collins, Adam"]
[Result "0-1"]
[Board "2"]
[WhiteFideId "2518384"]
[BlackFideId "2512300"]
[BlackTitle "FM"]
[WhiteElo "1971"]
[BlackElo "2312"]
[WhiteTeam "IRL"]
[BlackTeam "IRL"]
[WhiteClock "0:09:00"]
[BlackClock "0:18:48"]
[Variant "Standard"]

1. d4 {[%clk 1:30:57]}  d5 {[%clk 1:30:55]} 2. c4 {[%clk 1:31:19]}  e6 {[%clk 1:31:23]} 3. Nc3 {[%clk 1:31:33]}  Nc6 {[%clk 1:31:49]} 4. cxd5 {[%clk 1:31:21]}  exd5 {[%clk 1:32:15]} 5. Bf4 {[%clk 1:31:44]}  Nf6 {[%clk 1:31:50]} 6. e3 {[%clk 1:32:03]}  h6 {[%clk 1:26:17]} 7. Bd3 {[%clk 1:23:11]}  Bd6 {[%clk 1:26:16]} 8. Nge2 {[%clk 1:15:49]}  Bxf4 {[%clk 1:07:52]} 9. Nxf4 {[%clk 1:16:10]}  Qd6 {[%clk 1:08:18]} 10. O-O {[%clk 1:04:44]}  Nxd4 {[%clk 0:56:38]} 11. Bb5+ {[%clk 0:48:34]}  Nxb5 {[%clk 0:56:45]} 12. Nxb5 {[%clk 0:49:00]}  Qb6 {[%clk 0:55:24]} 13. Nxd5 {[%clk 0:48:22]}  Nxd5 {[%clk 0:55:52]} 14. Qxd5 {[%clk 0:48:41]}  O-O {[%clk 0:43:51]} 15. Qc4 {[%clk 0:37:12]}  c6 {[%clk 0:41:22]} 16. Nd6 {[%clk 0:37:05]}  Be6 {[%clk 0:40:55]} 17. Qc3 {[%clk 0:33:08]}  Rad8 {[%clk 0:39:51]} 18. Rfd1 {[%clk 0:32:04]}  Rd7 {[%clk 0:36:58]} 19. Nc4 {[%clk 0:26:17]}  Rxd1+ {[%clk 0:29:05]} 20. Rxd1 {[%clk 0:26:46]}  Bxc4 {[%clk 0:27:07]} 21. Qxc4 {[%clk 0:27:14]}  Qxb2 {[%clk 0:27:25]} 22. Qb3 {[%clk 0:24:49]}  Qxb3 {[%clk 0:26:37]} 23. axb3 {[%clk 0:25:17]}  f6 {[%clk 0:22:42]} 24. f4 {[%clk 0:22:39]}  Rf7 {[%clk 0:20:43]} 25. Rd8+ {[%clk 0:22:35]}  Kh7 {[%clk 0:21:08]} 26. Kf2 {[%clk 0:22:50]}  Rc7 {[%clk 0:20:55]} 27. e4 {[%clk 0:19:35]}  c5 {[%clk 0:20:36]} 28. Ke3 {[%clk 0:18:54]}  Kg6 {[%clk 0:19:31]} 29. Rf8 {[%clk 0:18:57]}  b5 {[%clk 0:18:41]} 30. Rb8 {[%clk 0:14:50]}  c4 {[%clk 0:17:59]} 31. bxc4 {[%clk 0:15:10]}  bxc4 {[%clk 0:18:22]} 32. Rb2 {[%clk 0:15:04]}  c3 {[%clk 0:18:34]} 33. Rc2 {[%clk 0:15:33]}  Kf7 {[%clk 0:18:46]} 34. Kd3 {[%clk 0:15:54]}  Ke6 {[%clk 0:19:06]} 35. Kd4 {[%clk 0:12:27]}  Kd6 {[%clk 0:18:41]} 36. h4 {[%clk 0:10:30]}  h5 {[%clk 0:18:31]} 37. g3 {[%clk 0:10:49]}  a5 {[%clk 0:18:12]} 38. Kd3 {[%clk 0:09:31]}  a4 {[%clk 0:18:16]} 39. Kd4 {[%clk 0:09:35]}  a3 {[%clk 0:18:20]} 40. Rxc3 {[%clk 0:09:57]}  Rxc3 {[%clk 0:17:49]} 41. Kxc3 {[%clk 0:10:26]}  Kc5 {[%clk 0:18:11]} 42. e5 {[%clk 0:09:41]}  fxe5 {[%clk 0:18:11]} 43. f5 {[%clk 0:09:30]}  Kd6 {[%clk 0:18:21]} 44. g4 {[%clk 0:08:38]}  hxg4 {[%clk 0:18:25]} 45. h5 {[%clk 0:09:00]}  Ke7 {[%clk 0:18:48]} 0-1

[Event "9 Round Open"]
[Site "Enniscrone, Sligo, IE"]
[Date "2026.02.08"]
[Round "9"]
[White "Hushpit, Lukian"]
[Black "Bartczak, Korneliusz"]
[Result "1-0"]
[Board "4"]
[WhiteFideId "14189208"]
[BlackFideId "2523558"]
[WhiteElo "2100"]
[BlackElo "2077"]
[WhiteTeam "IRL"]
[BlackTeam "IRL"]
[WhiteClock "0:08:21"]
[BlackClock "0:05:01"]
[Variant "Standard"]

1. e4 {[%clk 1:30:57]}  c6 {[%clk 1:30:53]} 2. d4 {[%clk 1:31:22]}  d5 {[%clk 1:31:20]} 3. Nc3 {[%clk 1:31:48]}  a6 {[%clk 1:31:46]} 4. Nf3 {[%clk 1:29:55]}  Bg4 {[%clk 1:31:33]} 5. Be2 {[%clk 1:27:23]}  e6 {[%clk 1:31:43]} 6. O-O {[%clk 1:27:11]}  Nf6 {[%clk 1:31:01]} 7. exd5 {[%clk 1:25:10]}  cxd5 {[%clk 1:31:11]} 8. h3 {[%clk 1:24:40]}  Bxf3 {[%clk 1:31:10]} 9. Bxf3 {[%clk 1:25:04]}  Nc6 {[%clk 1:30:39]} 10. Re1 {[%clk 1:23:01]}  Be7 {[%clk 1:27:26]} 11. Ne2 {[%clk 1:18:06]}  O-O {[%clk 1:27:22]} 12. c3 {[%clk 1:17:26]}  b5 {[%clk 1:26:52]} 13. Nf4 {[%clk 1:13:17]}  Qb6 {[%clk 1:22:16]} 14. Nd3 {[%clk 1:00:34]}  Rfc8 {[%clk 1:15:58]} 15. Bf4 {[%clk 0:50:54]}  a5 {[%clk 1:10:52]} 16. a4 {[%clk 0:43:12]}  b4 {[%clk 1:10:10]} 17. Qb3 {[%clk 0:38:26]}  Qd8 {[%clk 0:55:19]} 18. Rad1 {[%clk 0:30:46]}  Bd6 {[%clk 0:52:13]} 19. Bxd6 {[%clk 0:29:29]}  Qxd6 {[%clk 0:50:52]} 20. Ne5 {[%clk 0:29:52]}  bxc3 {[%clk 0:48:45]} 21. bxc3 {[%clk 0:29:23]}  Rab8 {[%clk 0:46:57]} 22. Qc2 {[%clk 0:27:50]}  Qa3 {[%clk 0:39:18]} 23. Nxc6 {[%clk 0:17:45]}  Rxc6 {[%clk 0:39:24]} 24. Rb1 {[%clk 0:18:04]}  Rbc8 {[%clk 0:38:24]} 25. Rec1 {[%clk 0:07:32]}  g6 {[%clk 0:29:04]} 26. Rb3 {[%clk 0:07:10]}  Qxa4 {[%clk 0:28:16]} 27. Qb2 {[%clk 0:07:37]}  Rc4 {[%clk 0:18:23]} 28. Be2 {[%clk 0:06:56]}  Ne4 {[%clk 0:12:13]} 29. Bxc4 {[%clk 0:07:03]}  Qxc4 {[%clk 0:12:31]} 30. Rb8 {[%clk 0:05:32]}  Kg7 {[%clk 0:11:00]} 31. Rxc8 {[%clk 0:05:49]}  Qxc8 {[%clk 0:11:25]} 32. f3 {[%clk 0:04:06]}  Nd6 {[%clk 0:11:35]} 33. Rb1 {[%clk 0:03:25]}  Nc4 {[%clk 0:09:49]} 34. Qb8 {[%clk 0:03:12]}  Qd7 {[%clk 0:08:38]} 35. Rb7 {[%clk 0:03:19]}  Qd6 {[%clk 0:06:56]} 36. Qxd6 {[%clk 0:03:25]}  Nxd6 {[%clk 0:07:22]} 37. Ra7 {[%clk 0:03:23]}  Nc4 {[%clk 0:07:44]} 38. Kf2 {[%clk 0:03:31]}  Kf6 {[%clk 0:07:57]} 39. h4 {[%clk 0:03:05]}  Kg7 {[%clk 0:06:15]} 40. Ke2 {[%clk 0:03:29]}  Kf6 {[%clk 0:06:32]} 41. Kd3 {[%clk 0:02:08]}  a4 {[%clk 0:06:33]} 42. g3 {[%clk 0:02:17]}  a3 {[%clk 0:06:18]} 43. Kc2 {[%clk 0:01:49]}  Ne3+ {[%clk 0:05:34]} 44. Kb3 {[%clk 0:01:34]}  Nf1 {[%clk 0:05:44]} 45. g4 {[%clk 0:01:19]}  Nd2+ {[%clk 0:05:59]} 46. Kxa3 {[%clk 0:01:13]}  Nxf3 {[%clk 0:06:24]} 47. h5 {[%clk 0:01:09]}  g5 {[%clk 0:04:41]} 48. Kb4 {[%clk 0:01:00]}  Nh2 {[%clk 0:04:57]} 49. c4 {[%clk 0:01:19]}  dxc4 {[%clk 0:05:11]} 50. Kxc4 {[%clk 0:01:45]}  Nxg4 {[%clk 0:05:30]} 51. Ra1 {[%clk 0:02:00]}  Ne3+ {[%clk 0:05:15]} 52. Kd3 {[%clk 0:02:27]}  Nd5 {[%clk 0:05:22]} 53. Ke4 {[%clk 0:02:27]}  Nf4 {[%clk 0:04:53]} 54. Rh1 {[%clk 0:02:24]}  Ke7 {[%clk 0:04:34]} 55. Rg1 {[%clk 0:02:20]}  f5+ {[%clk 0:04:26]} 56. Kf3 {[%clk 0:02:29]}  h6 {[%clk 0:04:43]} 57. Rh1 {[%clk 0:02:23]}  Kf6 {[%clk 0:04:32]} 58. Rh2 {[%clk 0:02:34]}  Nd5 {[%clk 0:04:49]} 59. Re2 {[%clk 0:02:47]}  g4+ {[%clk 0:04:28]} 60. Kg3 {[%clk 0:03:10]}  Ke7 {[%clk 0:02:40]} 61. Re5 {[%clk 0:03:23]}  Kd6 {[%clk 0:02:19]} 62. Kh4 {[%clk 0:01:56]}  Ke7 {[%clk 0:01:39]} 63. Kg3 {[%clk 0:02:18]}  Kf6 {[%clk 0:01:29]} 64. Re1 {[%clk 0:02:24]}  Ke7 {[%clk 0:01:05]} 65. Re5 {[%clk 0:02:53]}  Kd6 {[%clk 0:01:21]} 66. Kh4 {[%clk 0:03:16]}  Nf4 {[%clk 0:01:01]} 67. Ra5 {[%clk 0:03:00]}  Ne2 {[%clk 0:01:21]} 68. Ra8 {[%clk 0:02:43]}  Nxd4 {[%clk 0:01:33]} 69. Rh8 {[%clk 0:02:49]}  Ke5 {[%clk 0:01:18]} 70. Kg3 {[%clk 0:03:18]}  Ke4 {[%clk 0:00:56]} 71. Rxh6 {[%clk 0:03:42]}  Ne2+ {[%clk 0:01:06]} 72. Kh4 {[%clk 0:03:14]}  e5 {[%clk 0:00:53]} 73. Ra6 {[%clk 0:03:14]}  g3 {[%clk 0:00:47]} 74. h6 {[%clk 0:02:52]}  f4 {[%clk 0:00:37]} 75. h7 {[%clk 0:02:10]}  g2 {[%clk 0:00:51]} 76. Ra1 {[%clk 0:02:17]}  f3 {[%clk 0:00:31]} 77. h8=Q {[%clk 0:02:31]}  g1=Q {[%clk 0:00:44]} 78. Rxg1 {[%clk 0:02:55]}  Nxg1 {[%clk 0:01:13]} 79. Kg3 {[%clk 0:03:11]}  Ne2+ {[%clk 0:01:34]} 80. Kf2 {[%clk 0:03:30]}  Nd4 {[%clk 0:02:02]} 81. Qh7+ {[%clk 0:03:40]}  Kf4 {[%clk 0:02:18]} 82. Qh2+ {[%clk 0:03:47]}  Ke4 {[%clk 0:02:15]} 83. Qh4+ {[%clk 0:04:07]}  Kd3 {[%clk 0:01:46]} 84. Qg5 {[%clk 0:04:23]}  Ke4 {[%clk 0:02:04]} 85. Qg4+ {[%clk 0:04:41]}  Kd3 {[%clk 0:01:38]} 86. Qd7 {[%clk 0:05:00]}  Ke4 {[%clk 0:01:48]} 87. Qa4 {[%clk 0:04:52]}  Kd3 {[%clk 0:01:36]} 88. Qa3+ {[%clk 0:04:35]}  Ke4 {[%clk 0:01:43]} 89. Qe3+ {[%clk 0:04:58]}  Kd5 {[%clk 0:01:52]} 90. Qd3 {[%clk 0:05:22]}  e4 {[%clk 0:02:03]} 91. Qc3 {[%clk 0:05:45]}  Nf5 {[%clk 0:01:59]} 92. Qa5+ {[%clk 0:05:29]}  Ke6 {[%clk 0:02:27]} 93. Qc5 {[%clk 0:05:52]}  Nd6 {[%clk 0:01:50]} 94. Ke3 {[%clk 0:06:13]}  Kd7 {[%clk 0:02:17]} 95. Kf4 {[%clk 0:06:19]}  Ke6 {[%clk 0:02:41]} 96. Qd4 {[%clk 0:06:40]}  f2 {[%clk 0:02:51]} 97. Qxf2 {[%clk 0:06:58]}  Kd5 {[%clk 0:03:17]} 98. Qd2+ {[%clk 0:07:05]}  Kc5 {[%clk 0:03:39]} 99. Qc3+ {[%clk 0:07:07]}  Kd5 {[%clk 0:04:00]} 100. Qb4 {[%clk 0:07:09]}  Ke6 {[%clk 0:04:15]} 101. Qc5 {[%clk 0:07:34]}  Kd7 {[%clk 0:04:34]} 102. Ke5 {[%clk 0:07:55]}  e3 {[%clk 0:05:01]} 103. Qxd6+ {[%clk 0:08:21]} 1-0

[Event "9 Round Open"]
[Site "Enniscrone, Sligo, IE"]
[Date "2026.02.08"]
[Round "9"]
[White "Rosol, Philip"]
[Black "Barnes, Oliver"]
[Result "1-0"]
[Board "5"]
[WhiteFideId "1664905"]
[BlackFideId "2517604"]
[WhiteElo "2271"]
[BlackElo "2013"]
[WhiteTeam "POL"]
[BlackTeam "IRL"]
[WhiteClock "0:08:48"]
[BlackClock "0:01:48"]
[Variant "Standard"]

1. d4 {[%clk 1:30:47]}  Nf6 {[%clk 1:30:36]} 2. c4 {[%clk 1:31:09]}  e6 {[%clk 1:30:33]} 3. Nc3 {[%clk 1:31:18]}  Bb4 {[%clk 1:30:52]} 4. e3 {[%clk 1:31:17]}  O-O {[%clk 1:31:04]} 5. Bd3 {[%clk 1:31:21]}  d5 {[%clk 1:31:04]} 6. a3 {[%clk 1:31:31]}  Bxc3+ {[%clk 1:30:59]} 7. bxc3 {[%clk 1:31:55]}  dxc4 {[%clk 1:31:25]} 8. Bxc4 {[%clk 1:32:13]}  c5 {[%clk 1:31:50]} 9. Ne2 {[%clk 1:31:45]}  b6 {[%clk 1:27:30]} 10. O-O {[%clk 1:28:40]}  Qc7 {[%clk 1:27:27]} 11. Bd3 {[%clk 1:27:08]}  Bb7 {[%clk 1:26:42]} 12. Bb2 {[%clk 1:21:04]}  e5 {[%clk 1:19:52]} 13. Ng3 {[%clk 1:17:08]}  Nbd7 {[%clk 1:10:49]} 14. e4 {[%clk 1:06:39]}  exd4 {[%clk 0:59:22]} 15. cxd4 {[%clk 1:06:20]}  cxd4 {[%clk 0:59:40]} 16. Rc1 {[%clk 0:54:44]}  Qf4 {[%clk 0:50:17]} 17. Bxd4 {[%clk 0:51:39]}  Rac8 {[%clk 0:31:34]} 18. Be3 {[%clk 0:43:10]}  Qd6 {[%clk 0:30:06]} 19. Bb5 {[%clk 0:38:41]}  Qe6 {[%clk 0:23:55]} 20. Qa4 {[%clk 0:37:48]}  a6 {[%clk 0:19:46]} 21. Bxd7 {[%clk 0:36:58]}  Nxd7 {[%clk 0:19:07]} 22. Rfd1 {[%clk 0:36:45]}  Nf6 {[%clk 0:16:52]} 23. Rxc8 {[%clk 0:30:13]}  Rxc8 {[%clk 0:15:26]} 24. f3 {[%clk 0:22:09]}  h6 {[%clk 0:12:38]} 25. Qd4 {[%clk 0:21:36]}  Qb3 {[%clk 0:11:41]} 26. Nf5 {[%clk 0:19:21]}  Kh7 {[%clk 0:07:54]} 27. Rf1 {[%clk 0:18:32]}  Rc6 {[%clk 0:07:06]} 28. e5 {[%clk 0:12:27]}  Rc4 {[%clk 0:05:19]} 29. Qd6 {[%clk 0:12:03]}  Bc8 {[%clk 0:04:30]} 30. exf6 {[%clk 0:09:47]}  Bxf5 {[%clk 0:04:59]} 31. Bxb6 {[%clk 0:08:27]}  Qc3 {[%clk 0:04:07]} 32. fxg7 {[%clk 0:08:03]}  Qxg7 {[%clk 0:03:14]} 33. Bf2 {[%clk 0:06:59]}  Qg6 {[%clk 0:02:32]} 34. Qe5 {[%clk 0:06:25]}  Qe6 {[%clk 0:02:14]} 35. Qa1 {[%clk 0:05:51]}  Rc6 {[%clk 0:01:30]} 36. Re1 {[%clk 0:05:52]}  Qc8 {[%clk 0:01:10]} 37. h4 {[%clk 0:05:48]}  Bg6 {[%clk 0:01:02]} 38. Qe5 {[%clk 0:05:39]}  Re6 {[%clk 0:01:01]} 39. Qf4 {[%clk 0:05:59]}  Rxe1+ {[%clk 0:01:21]} 40. Bxe1 {[%clk 0:06:28]}  Qc5+ {[%clk 0:01:32]} 41. Kh2 {[%clk 0:06:28]}  Qxa3 {[%clk 0:01:05]} 42. Bd2 {[%clk 0:06:14]}  h5 {[%clk 0:00:56]} 43. Qf6 {[%clk 0:06:07]}  Qf8 {[%clk 0:00:39]} 44. Bc3 {[%clk 0:06:27]}  Qb8+ {[%clk 0:00:43]} 45. f4 {[%clk 0:06:42]}  Qf8 {[%clk 0:00:39]} 46. f5 {[%clk 0:07:02]}  Bxf5 {[%clk 0:00:34]} 47. Qxf5+ {[%clk 0:07:25]}  Kg8 {[%clk 0:00:48]} 48. Qg5+ {[%clk 0:07:35]}  Kh7 {[%clk 0:01:10]} 49. Qxh5+ {[%clk 0:07:59]}  Qh6 {[%clk 0:01:21]} 50. Qxf7+ {[%clk 0:08:23]}  Qg7 {[%clk 0:01:48]} 51. Qxg7# {[%clk 0:08:48]} 1-0